书目信息 |
| 题名: |
环境产权会计与审计研究
|
|
| 作者: | 伍中信, , 张薇 , 周红霞 著 | |
| 分册: | ||
| 出版信息: | 北京 经济科学出版社 2019.06 |
|
| 页数: | 218页 | |
| 开本: | 24cm | |
| 丛书名: | 会计名家培养工程学术成果库 —— 研究报告系列丛书 | |
| 单 册: | ||
| 中图分类: | X196 , F239.6 | |
| 科图分类: | ||
| 主题词: | 环境会计--huan jing kuai ji--研究 , 环境管理--huan jing guan li--审计--研究 | |
| 电子资源: | ||
| ISBN: | 978-7-5218-0612-0 | |
| 000 | 01584nam 2200337 450 | |
| 001 | 93684 | |
| 005 | 20250819142650.89 | |
| 010 | @a978-7-5218-0612-0@dCNY50.00 | |
| 100 | @a20190830d2019 em y0chiy50 ea | |
| 101 | 0 | @achi |
| 102 | @aCN@b110000 | |
| 105 | @aak a 000yy | |
| 106 | @ar | |
| 200 | 1 | @a环境产权会计与审计研究@Ahuan jing chan quan kuai ji yu shen ji yan jiu@d= Research on environmental property accounting and auditing@f伍中信, 张薇, 周红霞著@zeng |
| 210 | @a北京@c经济科学出版社@d2019.06 | |
| 215 | @a218页@c图@d24cm | |
| 225 | 2 | @a会计名家培养工程学术成果库 —— 研究报告系列丛书@Ahui ji ming jia pei yang gong cheng xue shu cheng guo ku —— yan jiu bao gao xi lie cong shu |
| 314 | @a伍中信, 国务院特殊津贴专家。张薇, 浙江金融职业学院教授。周红霞, 南京财经大学会计学院ACCA骨干教师。 | |
| 320 | @a有书目 (第199-217页) | |
| 330 | @a本书着眼于环境产权的配置与交易, 从理论研究和实践工作两方面对环境审计问题进行研究, 为我国生态文明制度的建设添砖加瓦。内容包括: 环境产权的初始配置与市场交易分析 ; 环境产权配置和交易的会计确认与计量 —— 以碳排放权为例等。 | |
| 410 | 0 | @12001 @a会计名家培养工程学术成果库 —— 研究报告系列丛书 |
| 510 | 1 | @aResearch on environmental property accounting and auditing@zeng |
| 606 | 0 | @a环境会计@Ahuan jing kuai ji@x研究 |
| 606 | 0 | @a环境管理@Ahuan jing guan li@x审计@x研究 |
| 690 | @aX196@v5 | |
| 690 | @aF239.6@v5 | |
| 701 | 0 | @a伍中信,@Awu zhong xin@f1966-@4著 |
| 701 | 0 | @a张薇@Azhang wei@4著 |
| 701 | 0 | @a周红霞@Azhou hong xia@4著 |
| 801 | 0 | @aCN@c20250909 |
| 905 | @a河南城建学院图书馆@dX196@eW947@f1 | |
| 环境产权会计与审计研究= Research on environmental property accounting and auditing/伍中信, 张薇, 周红霞著.-北京:经济科学出版社,2019.06 |
| 218页:图;24cm.-(会计名家培养工程学术成果库 —— 研究报告系列丛书) |
| ISBN 978-7-5218-0612-0:CNY50.00 |
| 本书着眼于环境产权的配置与交易, 从理论研究和实践工作两方面对环境审计问题进行研究, 为我国生态文明制度的建设添砖加瓦。内容包括: 环境产权的初始配置与市场交易分析 ; 环境产权配置和交易的会计确认与计量 —— 以碳排放权为例等。 |
| ● |
| 相关链接 |
|
|
|
正题名:环境产权会计与审计研究
索取号:X196/W947
 
预约/预借
| 序号 | 登录号 | 条形码 | 馆藏地/架位号 | 状态 | 备注 |
| 1 | 1627641 | 216276410 | 自科库501/501自科库 93排1列3层/ [索取号:X196/W947] | 在馆 |